000 01042nam0a22002891 4500
001 RU\INFOCOMM_322\NLR\5000119285
005 20250613105213.0
035 _a(NLR Aleph) 009521351
090 _a8829097
_c8829097
100 _a20121227d1964 |||y0rusy50 ca
101 0 _afre
102 _aRU
105 _ay z |||||
200 1 _aLénine de intéressement matériel et de l'enthousiasme des masses
_fM. Laptine
210 _a[M.]
_cÉd. de l'Agence de presse "Novosti"
_d1964
215 _a20 с.
_d21 см
300 _aНа последней с.: М. Н. Лаптин. В. И. Ленин о материальной заинтересованности и энтузиазме масс
620 _aМосква
686 _aЭ1-206
_2rubbk
700 1 _9z01790
_aLaptin
_bM. N.
_gMichail Nikolaevič
702 1 _aLenin
_bV. I.
_f1870-1924
_gVladimir Il'ič
_4570
790 1 _9z01700
_aLaptine
_bM.
_4070
801 1 _aRU
_bInfocomm
_c20121227
801 0 _aRU
_bINFOCOMM
_gPSBO
852 _aNLR
_jМ21 Г-4/311
942 _cBOOK
980 _aNB